<?xml version="1.0" encoding="UTF-8"?><?xml-stylesheet type="text/xsl" href="static/style.xsl"?><OAI-PMH xmlns="http://www.openarchives.org/OAI/2.0/" xmlns:xsi="http://www.w3.org/2001/XMLSchema-instance" xsi:schemaLocation="http://www.openarchives.org/OAI/2.0/ http://www.openarchives.org/OAI/2.0/OAI-PMH.xsd"><responseDate>2026-04-13T06:53:59Z</responseDate><request verb="GetRecord" identifier="oai:www.recercat.cat:2117/372853" metadataPrefix="marc">https://recercat.cat/oai/request</request><GetRecord><record><header><identifier>oai:recercat.cat:2117/372853</identifier><datestamp>2025-07-22T18:16:25Z</datestamp><setSpec>com_2072_1033</setSpec><setSpec>col_2072_452951</setSpec></header><metadata><record xmlns="http://www.loc.gov/MARC21/slim" xmlns:dcterms="http://purl.org/dc/terms/" xmlns:xsi="http://www.w3.org/2001/XMLSchema-instance" xmlns:doc="http://www.lyncode.com/xoai" xsi:schemaLocation="http://www.loc.gov/MARC21/slim http://www.loc.gov/standards/marcxml/schema/MARC21slim.xsd">
   <leader>00925njm 22002777a 4500</leader>
   <datafield ind2=" " ind1=" " tag="042">
      <subfield code="a">dc</subfield>
   </datafield>
   <datafield ind2=" " ind1=" " tag="720">
      <subfield code="a">Serrat Genescà, Marc</subfield>
      <subfield code="e">author</subfield>
   </datafield>
   <datafield ind2=" " ind1=" " tag="260">
      <subfield code="c">2009-05-30</subfield>
   </datafield>
   <datafield ind2=" " ind1=" " tag="520">
      <subfield code="a">La zona on es preveu la construcció de les noves drassanes i escar del Port Roses es situa en&#xd;
l’extrem sud d’aquest, adjacent al moll de la Llosa, on actualment existeix un espai tancat,&#xd;
propietat de l’Ajuntament de Roses, adequat amb paviment asfàltic i de formigó armat. L’ús&#xd;
destinat per aquest espai tan estratègic, es limita a guardar petites embarcacions a l’intempèrie,&#xd;
que s’extreuen de l’aigua amb mitjans mecànics a través d’uns molls de formigó en massa. A&#xd;
excepció dels mencionats molls, aquesta petita instal·lació es troba en molt mal estat de&#xd;
conservació, amb nombroses esquerdes i sots en l’esplanada pavimentada, que han aparegut&#xd;
al llarg del temps degut als assentaments diferencials del terreny.&#xd;
A fi de completar i millorar el serveis de les embarcacions del Port de Roses, l’Ajuntament de&#xd;
Roses, té previst adequar aquest espai i construir-hi les noves drassanes i escar, amb unes&#xd;
instal·lacions previstes per a realitzar les tasques de reparació i manteniment necessàries.&#xd;
Amb les noves drassanes del Port de Roses es contribuirà tanmateix en l’economia rosinca,&#xd;
amb la creació de nous llocs de treball i l’obertura de nous establiments associats al sector, en&#xd;
els espais que es destinen a nous serveis i equipaments.</subfield>
   </datafield>
   <datafield tag="653" ind2=" " ind1=" ">
      <subfield code="a">Àrees temàtiques de la UPC::Enginyeria civil::Enginyeria hidràulica, marítima i sanitària::Ports i costes</subfield>
   </datafield>
   <datafield tag="653" ind2=" " ind1=" ">
      <subfield code="a">Shipyards</subfield>
   </datafield>
   <datafield tag="653" ind2=" " ind1=" ">
      <subfield code="a">Harbors</subfield>
   </datafield>
   <datafield tag="653" ind2=" " ind1=" ">
      <subfield code="a">Ports</subfield>
   </datafield>
   <datafield tag="653" ind2=" " ind1=" ">
      <subfield code="a">Drassanes</subfield>
   </datafield>
   <datafield ind2="0" ind1="0" tag="245">
      <subfield code="a">Projecte constructiu de les drassanes i escar del port de Roses (Alt Empordà)</subfield>
   </datafield>
</record></metadata></record></GetRecord></OAI-PMH>